000 00735nam a2200193 i 4500
001 153932
003 ES-MaACL
005 20231226151837.0
008 010731s1869 sp |||| | spa d
110 1 _aEspaña.
_bMinisterio de Ultramar.
_93937
245 1 0 _aMemoria presentada a las Cortes Constituyentes /
_cpor el Ministro de Ultramar, Adelardo López de Ayala, en 22 de febrero de 1869.
260 _aMadrid :
_b[s.n.],
_c1869 (
_fImp. de la Biblioteca Universal Económica)
300 _a151 p. ;
_c25 cm.
651 4 _aCuba-
_xHistoria.
_98094
651 4 _aPuerto Rico-
_xHistoria.
_99280
700 1 _aLópez de Ayala, Adelardo,
_d1828-1879
_9139648
852 _aES-MaACL
_jG-7635(1)
_z- Enc. hol.
999 _c153932
_d153932